Boss de Bloodborne - Statistiques

Statistiques générales
  • Ce quiz a été pris 523 fois
  • Le résultat moyen est 11 sur 22
Statistiques - réponses
Localisation Boss % Correct
Père Gascoigne
76%
Lac Sélène Rom, l'araignée stupide
72%
Faubourg de la Cathédrale Vicaire Amélia
68%
Frontière des cauchemars Amygdala
64%
Village de pêcheurs Orphelin de Kos
62%
Lady Maria de la Tour astrale
58%
Centre de Yharnam Monstre Clérical
58%
Bois Interdits Ombres de Yharnam
58%
Cauchemar du Chasseur Ludwig le Maudit puis Ludwig, l'Epée sacrée
56%
Cauchemar de Mensis Micolash, Hôte du Cauchemar
53%
Celui qui Renaquît
51%
Vieux Yharnam Monstre affamé
49%
Cauchemar de Mensis Nourrice de Mergo
47%
Château Damné de Cainhurst Martyr Logarius
44%
Présence lunaire
44%
Laurence, le Premier Vicaire
42%
Rêve du Chasseur Gehrman, le Premier chasseur
39%
Yahar'gul le Village Invisible Paarl Sombrebête
39%
Ebrietas, fille du Cosmos
37%
Laboratoires Expériences ratées
37%
Hemwick Charnel Lane Sorcière d'Hemwick
34%
Faubourg de la Cathédrale supérieure Emissaire céleste
29%
Aucun quiz correspondant
Distribution des résultats
% des personnes avec chaque résultat
Percentile par nombre de réponses
Votre historique - résultats
Vous n’avez pas pris ce quiz